[Event "China ch 2011 femenino"]
[Site "Xinghua Jiangsu CHN"]
[Date "2011.04.02"]
[Round "4.1"]
[White "Ju, Wenjun"]
[Black "Ding, Yixin"]
[Result "1-0"]
[WhiteElo "2519"]
[BlackElo "2376"]
[PlyCount "61"]
[EventDate "2011.03.30"]
[EventType "game"]
[EventRounds "11"]
[EventCountry "CHN"]
[EventCategory "6"]
[Source "lmi"]
[SourceDate "2011.03.30"]

1. d4 Nf6 2. c4 e6 3. Nc3 Bb4 4. e3 O-O 5. Bd3 d5 6. cxd5 exd5 7. Nge2 c6 8.
O-O Re8 9. f3 b6 10. a3 Bxc3 11. bxc3 Ba6 12. Ng3 Bxd3 13. Qxd3 Nbd7 14. Bb2 h5
15. Rae1 g6 16. c4 b5 17. cxb5 cxb5 18. e4 h4 19. Nh1 dxe4 20. fxe4 Nc5 21. Qf3
Ncxe4 22. Rxe4 Rxe4 23. d5 Qb6+ 24. Nf2 Rd4 25. d6 Rd8 26. Qxf6 R8xd6 27. Qe5
b4 28. axb4 Qxb4 29. Qe8+ Kg7 30. Ne4 Rd7 31. Qxd7 1-0

[Event "China ch 2011 femenino"]
[Site "Xinghua Jiangsu CHN"]
[Date "2011.04.02"]
[Round "4.3"]
[White "Gu, Xiaobing"]
[Black "Shen, Yang"]
[Result "1-0"]
[WhiteElo "2369"]
[BlackElo "2443"]
[PlyCount "109"]
[EventDate "2011.03.30"]
[EventType "game"]
[EventRounds "11"]
[EventCountry "CHN"]
[EventCategory "6"]
[Source "lmi"]
[SourceDate "2011.03.30"]

1. c4 e6 2. Nc3 b6 3. e4 Bb7 4. d4 Bb4 5. Bd3 f5 6. d5 fxe4 7. Bxe4 Nf6 8. Bf3
exd5 9. cxd5 O-O 10. Nge2 a5 11. O-O Na6 12. Bf4 Qe8 13. Nb5 Ne4 14. Qd4 g5 15.
Be3 Nd6 16. Nxd6 Bxd6 17. Qg4 Qe5 18. Ng3 h6 19. Qh5 Qg7 20. Rad1 Be5 21. Be4
Nc5 22. Nf5 Nxe4 23. Nxg7 Bxg7 24. Bd4 Nf6 25. Bxf6 Rxf6 26. Rfe1 Raf8 27. f3
Rd6 28. Re7 Bxb2 29. h4 gxh4 30. Qxh4 Bf6 31. Qg4+ Kh8 32. Rde1 Bxd5 33. Re8
Rg8 34. Rxg8+ Bxg8 35. Re8 Bg7 36. f4 Re6 37. Rd8 Re1+ 38. Kh2 Re7 39. Qh5 Ba1
40. Qd1 Bf6 41. a4 d6 42. Rc8 Rg7 43. Qd5 Ba1 44. Qe6 Kh7 45. Qf5+ Kh8 46. g4
Re7 47. g5 hxg5 48. fxg5 b5 49. g6 Be5+ 50. Kg2 Kg7 51. Qf8+ Kxg6 52. Qxe7 Bd5+
53. Kh3 bxa4 54. Kg4 Bf6 55. Qe8+ 1-0

[Event "China ch 2011 femenino"]
[Site "Xinghua Jiangsu CHN"]
[Date "2011.04.09"]
[Round "10.4"]
[White "Zhang, Xiaowen"]
[Black "Ding, Yixin"]
[Result "1-0"]
[WhiteElo "2344"]
[BlackElo "2376"]
[PlyCount "85"]
[EventDate "2011.03.30"]
[EventType "game"]
[EventRounds "11"]
[EventCountry "CHN"]
[EventCategory "6"]
[Source "lmi"]
[SourceDate "2011.03.30"]

1. e4 c5 2. Nf3 d6 3. c3 Nf6 4. h3 Nc6 5. Bd3 d5 6. e5 Nd7 7. Qe2 Qc7 8. e6
fxe6 9. Ng5 Nf6 10. Nxe6 Qd6 11. Nxf8 Kxf8 12. Bc2 e5 13. d3 Bf5 14. O-O Re8
15. Qd1 Kf7 16. Nd2 g5 17. Re1 g4 18. h4 g3 19. fxg3 e4 20. Rf1 exd3 21. Rxf5
dxc2 22. Qxc2 Re2 23. Qd3 Rhe8 24. Nf1 c4 25. Qf3 R8e5 26. Bg5 Rxf5 27. Qxf5
Ne7 28. Qf3 Rxb2 29. Ne3 Neg8 30. Rf1 Qb6 31. Kh2 Rb1 32. Qxd5+ Kf8 33. Qxc4
Rxf1 34. Qxf1 Kg7 35. Qf4 Qc5 36. Nf5+ Kf7 37. Nd6+ Ke6 38. Ne4 Nxe4 39. Qxe4+
Kf7 40. Qxh7+ Kf8 41. Qd3 b5 42. Qd4 Qa3 43. Qb4+ 1-0